000 00520nam a2200169Ia 4500
008 090201s9999 xx 000 0 und d
010 _aKPL-33973
040 _bमराठी
041 _aमराठी
082 _a45936
_b33973
100 _aसौ.शशिकला मेहता
245 _aअद्वैत
_cसौ.शशिकला मेहता
260 _c2005
_bस्मिता प्रकाशन
300 _a176
_bमोठा
600 _aअद्वैत
942 _cBOOK
999 _c242826
_d242826